00976nam a22002417a 45000010005000000030006000050050017000110080041000280200015000690400029000840500015001130820009001281000036001372450148001732500041003212600032003623000040003945200180004346500035006146500031006497000022006807000032007027326FISKH20250709143142.0250709b cb ||||| |||| 00| 0 eng d a0590477331 aFISKHbengcFISKHdFISKH aPZ7.A892 M a 813 aAtwater, Richardd(1892–1948) aMr. Popper's penguins :bMr.Popper is in for a particularly pleasant surprise! /cBy Richard and Florece Atwater ; Illustrated by Robert Lawson aThis edition first published in 1994 aBoston :bScholastic,c1938 a138 pages :billustrations ;c20 cm aThe unexpected delivery of a large crate containing an Antarctic penguin changes the life and fortunes of Mr. Popper, a house painter obsessed by dreams of the Polar regions.  2Children's literatureaAnimals 2Juvenile fictionaPenguins aAtwater, Florence aLawson, Robertdillustrator